000 00735nam a2200229Ii 4500
003 JO-AjNU
008 230605s9999||||xx |||||||||||||| ||und||
017 _a1425/7708
020 _a9960-687-88-0
040 _aJO-AjNU
_bara
_erda
_cJO-AjNU
041 _aara
050 1 4 _aPJ7852.A42.D58 2005
100 3 _aتأليف النحوي،عدنان علي رضا محمد,
_eauthor
_923883
245 0 0 _aديوان حرقة ألم وإشراقة أمل
250 _aط1
264 3 1 _aالرياض:دار النحوي للنشر والتوزيع،2005
300 _a286ص
336 _atext
_btxt
_2rdacontent
337 _aunmediated
_bn
_2rdamedia
338 _avolume
_bnc
_2rdacarrier
650 4 _aالشعر العربي
_923884
999 _aA8711
_c12279
_d12279